000
00306nam a2200121Ia 4500
008
221007s9999 xx 000 0 und d
041
_a
eng
100
_a
University of Pune
_9
100174
245
_a
Diploma in Hospital Management
260
_c
1993
_b
Pune University
_a
Pune
300
_a
20p
906
_b
General
999
_c
69638
_d
69638